| 000 | 00376nam a2200145Ia 4500 | ||
|---|---|---|---|
| 005 | 20250729165737.0 | ||
| 008 | 250729s2013 xx 000 0 und d | ||
| 041 | _aeng | ||
| 082 | _a370.15 BRIE | ||
| 100 |
_aDr.Brijesh Upadyaya _9231927 |
||
| 245 | _aEducational Psychology | ||
| 260 |
_aNew Delhi _bA P H PUBLISHING _c2013 |
||
| 300 | _a335p | ||
| 650 |
_aPsychology _9231928 |
||
| 999 |
_c239527 _d239527 |
||